MyGZULibrary

Ending Africa's energy deficit and the law : (Record no. 793)

MARC details
000 -LEADER
fixed length control field 01737cam a2200445 i 4500
001 - CONTROL NUMBER
control field 20086766
003 - CONTROL NUMBER IDENTIFIER
control field GZU
005 - DATE AND TIME OF LATEST TRANSACTION
control field 20200914113020.0
008 - FIXED-LENGTH DATA ELEMENTS--GENERAL INFORMATION
fixed length control field 171020s2018 enka b 001 0 eng d
010 ## - LIBRARY OF CONGRESS CONTROL NUMBER
LC control number 2017958453
020 ## - INTERNATIONAL STANDARD BOOK NUMBER
International Standard Book Number 0198819838
020 ## - INTERNATIONAL STANDARD BOOK NUMBER
International Standard Book Number 9780198819837
035 ## - SYSTEM CONTROL NUMBER
System control number (OCoLC)on1020873334
040 ## - CATALOGING SOURCE
Original cataloging agency YDX
Language of cataloging eng
Transcribing agency YDX
Description conventions rda
Modifying agency CDX
-- OCLCF
-- DLC
042 ## - AUTHENTICATION CODE
Authentication code lccopycat
043 ## - GEOGRAPHIC AREA CODE
Geographic area code f------
050 00 - LIBRARY OF CONGRESS CALL NUMBER
Classification number KQC853
Item number .E53 2018
082 04 - DEWEY DECIMAL CLASSIFICATION NUMBER
Classification number 333.79096
Edition number 23
245 00 - TITLE STATEMENT
Title Ending Africa's energy deficit and the law :
Remainder of title achieving sustainable energy for all in Africa /
Statement of responsibility, etc. edited by Yinka Omorogbe and Ada Okoye Ordor.
250 ## - EDITION STATEMENT
Edition statement First edition.
264 #1 - PRODUCTION, PUBLICATION, DISTRIBUTION, MANUFACTURE, AND COPYRIGHT NOTICE
Place of production, publication, distribution, manufacture Oxford, United Kingdom :
Name of producer, publisher, distributor, manufacturer Oxford University Press,
Date of production, publication, distribution, manufacture, or copyright notice 2018.
300 ## - PHYSICAL DESCRIPTION
Extent xxviii, 404 pages :
Other physical details illustrations ;
Dimensions 26 cm
336 ## - CONTENT TYPE
Content type term text
Content type code txt
Source rdacontent
337 ## - MEDIA TYPE
Media type term unmediated
Media type code n
Source rdamedia
338 ## - CARRIER TYPE
Carrier type term volume
Carrier type code nc
Source rdacarrier
504 ## - BIBLIOGRAPHY, ETC. NOTE
Bibliography, etc. note Includes bibliographical references (pages 389-392) and index.
650 #0 - SUBJECT ADDED ENTRY--TOPICAL TERM
Topical term or geographic name entry element Power resources
General subdivision Law and legislation
Geographic subdivision Africa.
650 #0 - SUBJECT ADDED ENTRY--TOPICAL TERM
Topical term or geographic name entry element Sustainable development
General subdivision Law and legislation
Geographic subdivision Africa.
650 #0 - SUBJECT ADDED ENTRY--TOPICAL TERM
Topical term or geographic name entry element Energy policy
Geographic subdivision Africa.
650 #7 - SUBJECT ADDED ENTRY--TOPICAL TERM
Topical term or geographic name entry element Energy policy.
Source of heading or term fast
Authority record control number or standard number (OCoLC)fst00910200
650 #7 - SUBJECT ADDED ENTRY--TOPICAL TERM
Topical term or geographic name entry element Power resources.
Source of heading or term fast
Authority record control number or standard number (OCoLC)fst01074275
650 #7 - SUBJECT ADDED ENTRY--TOPICAL TERM
Topical term or geographic name entry element Power resources
General subdivision Law and legislation.
Source of heading or term fast
Authority record control number or standard number (OCoLC)fst01074312
650 #7 - SUBJECT ADDED ENTRY--TOPICAL TERM
Topical term or geographic name entry element Sustainable development.
Source of heading or term fast
Authority record control number or standard number (OCoLC)fst01139731
651 #7 - SUBJECT ADDED ENTRY--GEOGRAPHIC NAME
Geographic name Africa.
Source of heading or term fast
Authority record control number or standard number (OCoLC)fst01239509
700 1# - ADDED ENTRY--PERSONAL NAME
Personal name Omorogbe, Yinka,
Relator term editor.
700 1# - ADDED ENTRY--PERSONAL NAME
Personal name Ordor, Ada Okoye,
Relator term editor.
906 ## - LOCAL DATA ELEMENT F, LDF (RLIN)
a 7
b cbc
c copycat
d 2
e epcn
f 20
g y-gencatlg
942 ## - ADDED ENTRY ELEMENTS (KOHA)
Source of classification or shelving scheme Library of Congress Classification
Koha item type Books
Classification part 853
Item part END
Call number prefix KQC
Call number suffix 2018
Holdings
Withdrawn status Lost status Damaged status Not for loan Collection code Home library Current library Shelving location Date acquired Total Checkouts Full call number Barcode Date last seen Copy number Price effective from Koha item type
        Non-fiction Law Library Law Library General Stacks 09/14/2020   KQC583 END 2018 031271 09/14/2020 c.1 09/14/2020 Books
        Non-fiction Law Library Law Library General Stacks 09/14/2020   KQC 853 END 2018 031270 09/14/2020 c.2 09/14/2020 Books
        Non-fiction Law Library Law Library General Stacks 09/14/2020   KQC853 END 2018 031269 09/14/2020 c.3 09/14/2020 Books